Caricamento...
Indias nuclear option : atmomic diplomacy and decision making /
| Autore principale: | |
|---|---|
| Lingua: | Undetermined |
| Pubblicazione: |
New York :
Praeger Publications ,
1976.
|
| LEADER | 00495nam a2200133Ia 4500 | ||
|---|---|---|---|
| 001 | 92263 | ||
| 008 | 170722s9999 xx 000 0 und d | ||
| 100 | |a Kapur, Ashok | ||
| 245 | |a Indias nuclear option : |b atmomic diplomacy and decision making / | ||
| 260 | |a New York : |b Praeger Publications , |c 1976. | ||
| 300 | |a ppxx+296 |c 23.5cms | ||
| 942 | |c GEN | ||
| 999 | |c 93380 |d 93380 | ||
| 952 | |0 0 |1 0 |4 0 |6 V_219C9B3_N7_L6 |7 0 |8 LC1 |9 130978 |a LIB |b LIB |d 2017-08-12 |h LC1 |o V2:19(C9B3).N7 L6 |p 170774 |r 2017-08-12 |v 0.00 |w 2017-08-12 |y GEN | ||